UEFA Champions League Estadios Finales - Estadísticas

Estadísticas generales
  • Esta prueba ha sido intentada 55 veces
  • La puntuación promedio es 11 de 26
Estadísticas de respuestas
Hint Respuesta % Correcto
2025 (Alemania) Allianz Arena
98%
2012 (Alemania) Allianz Arena
98%
2010 (España) Santiago Bernabéu
71%
2024 (Inglaterra) Wembley Stadium
69%
2013 (Inglaterra) Wembley Stadium
69%
2011 (Inglaterra) Wembley Stadium
69%
2016 (Italia) San Siro
57%
2001 (Italia) San Siro
57%
2019 (España) Wanda Metropolitano
51%
2020 (Portugal) Estádio da Luz
49%
2014 (Portugal) Estádio da Luz
49%
2003 (Inglaterra) Old Trafford
45%
2022 (Francia) Stade de France
43%
2006 (Francia) Stade de France
43%
2000 (Francia) Stade de France
43%
2021 (Portugal) Estádio do Dragão
41%
2015 (Alemania) Olympiastadion
22%
2007 (Italia) Estadio Olímpico
18%
2008 (Rusia) Luzhniki Stadium
18%
2009 (Italia) Stadio Olimpico
18%
2002 (Escocia) Hampden Park
16%
2017 (Gales) Millennium Stadium
16%
2023 (Turquía) Atatürk Olympic Stadium
10%
2005 (Turquía) Atatürk Olympic Stadium
10%
2004 (Alemania) Arena AufSchalke
8%
2018 (Ucrania) NSC Olimpiyskiy Stadium
2%
No se encontraron pruebas coincidentes
Distribución de puntuación
Porcentaje de gente con cada puntuación
Porcentaje por número respondido
Historial de tus puntuaciones
No has intentado esta prueba.